000 00299nam a22001337a 4500
008 170814b xxu||||| |||| 00| 0 eng d
020 _a01222655605
041 _aeng
080 _a51
100 _a36
101 _aMAT
245 _aPRINCIPLES MATHEMATICAL MODELING
_cDYM.C.L
942 _2udc
_cBK
999 _c23264
_d23264